| 000 | 00518nam a2200181Ia 4500 | ||
|---|---|---|---|
| 999 |
_c22733 _d22733 |
||
| 003 | OSt | ||
| 005 | 20200215132841.0 | ||
| 008 | 190216s9999||||xx |||||||||||||| ||und|| | ||
| 020 | _a9798182711760 | ||
| 040 | _coclc | ||
| 082 |
_a297 _bISL/A |
||
| 100 |
_aIslahi, Ameen Ahsan _92038 |
||
| 245 | 0 |
_aAthmasamskaranam / _cAmeen Ahsan Islahi |
|
| 260 |
_bIslamic Publishing House, _aKozhikode: _c2006. |
||
| 300 | _a458p | ||
| 650 | _aIslamic History | ||
| 942 |
_cBK _2ddc _h297 _iISL/A _k297 _mISL/A |
||